000 00601nam a2200241Ia 4500
003 OSt
005 20220918205608.0
006 a|||||r|||| 00| 0
007 ta
008 220917b |||||||| |||| 00| 0 eng d
024 _a117,204
037 _cTextual
040 _aARTS
_cARTS
_beng
041 _2eng
_aeng
082 _aV6:1:N5, K05.1
100 _aBatten T R
_990308
245 0 _aProblems of Africa development
_b Land and labour
250 _a3rd
260 _c1960
650 _aHISTORY
942 _hV6:1:N5, K05.1
_cTEXL
_2CC
999 _c240492
_d240492